[Event "Prague Open 2022 - A IM Open"]
[Site "Olympik hotel, Prague"]
[Date "2022.01.09"]
[Round "4"]
[Board "10"]
[White "Mikes, Jan"]
[Black "Cholleti, Sahajasri"]
[Result "1-0"]
[WhiteElo "2332"]
[BlackElo "2235"]
[PlyCount "0"]
[EventDate "2022.01.07"]
[EventRounds "9"]
[EventCountry "CZE"]

1. e4 {[%clk 1:30:56]} c6 {[%clk 1:26:48]} 2. d4 {[%clk 1:29:35]} d5
{[%clk 1:27:12]} 3. f3 {[%clk 1:29:23]} dxe4 {[%clk 1:26:09]} 4. fxe4
{[%clk 1:29:47]} e5 {[%clk 1:25:39]} 5. Nf3 {[%clk 1:30:06]} Bg4 {[%clk 1:25:36]}
6. c3 {[%clk 1:30:08]} Nd7 {[%clk 1:25:11]} 7. Bd3 {[%clk 1:30:18]} Bd6
{[%clk 1:22:53]} 8. O-O {[%clk 1:30:10]} Ngf6 {[%clk 1:23:11]} 9. Na3
{[%clk 1:30:20]} b5 {[%clk 1:17:46]} 10. Nc2 {[%clk 1:30:29]} Bh5
{[%clk 1:06:27]} 11. Ne3 {[%clk 1:28:04]} Bg6 {[%clk 1:05:59]} 12. a4
{[%clk 1:22:11]} a6 {[%clk 1:04:11]} 13. axb5 {[%clk 1:12:08]} axb5
{[%clk 0:55:35]} 14. Rxa8 {[%clk 1:12:28]} Qxa8 {[%clk 0:56:04]} 15. Nh4
{[%clk 0:59:11]} Qb8 {[%clk 0:53:46]} 16. Kh1 {[%clk 0:57:35]} O-O
{[%clk 0:50:22]} 17. Nef5 {[%clk 0:56:14]} Re8 {[%clk 0:48:51]} 18. Qf3
{[%clk 0:51:23]} Bf8 {[%clk 0:27:19]} 19. g4 {[%clk 0:43:51]} Qa8
{[%clk 0:18:34]} 20. Ng3 {[%clk 0:34:04]} h6 {[%clk 0:16:05]} 21. Nxg6
{[%clk 0:29:58]} fxg6 {[%clk 0:16:32]} 22. h4 {[%clk 0:29:51]} Qa2
{[%clk 0:14:29]} 23. g5 {[%clk 0:29:31]} hxg5 {[%clk 0:13:18]} 24. hxg5
{[%clk 0:29:55]} Nh7 {[%clk 0:13:45]} 25. d5 {[%clk 0:29:37]} Re7
{[%clk 0:12:36]} 26. dxc6 {[%clk 0:28:21]} Nb8 {[%clk 0:09:11]} 27. Bxb5
{[%clk 0:26:15]} Qe6 {[%clk 0:09:35]} 28. Kg2 {[%clk 0:23:55]} Nxc6
{[%clk 0:08:18]} 29. Qe2 {[%clk 0:24:17]} Kh8 {[%clk 0:08:39]} 30. Bc4
{[%clk 0:24:32]} Qd7 {[%clk 0:07:53]} 31. Rd1 {[%clk 0:16:42]} Qc8
{[%clk 0:06:56]} 32. Rh1 {[%clk 0:16:27]} Nd8 {[%clk 0:06:39]} 33. Nf5
{[%clk 0:11:27]} Rc7 {[%clk 0:06:11]} 34. Bd5 {[%clk 0:10:06]} Ne6
{[%clk 0:05:03]} 35. Qg4 {[%clk 0:09:24]} Bc5 {[%clk 0:05:00]} 36. Rxh7+
{[%clk 0:06:28]} Kxh7 {[%clk 0:05:28]} 37. Qh3+ {[%clk 0:06:50]} Kg8
{[%clk 0:05:50]} 38. Bxe6+ {[%clk 0:06:33]}  1-0

[Event "Prague Open 2022 - A IM Open"]
[Site "Olympik hotel, Prague"]
[Date "2022.01.09"]
[Round "4"]
[Board "11"]
[White "Lim, Zhuo Ren"]
[Black "Matras, Ondrej"]
[Result "1-0"]
[WhiteElo "2311"]
[BlackElo "2230"]
[PlyCount "0"]
[EventDate "2022.01.07"]
[EventRounds "9"]
[EventCountry "CZE"]

1. d4 {[%clk 1:30:52]} Nf6 {[%clk 1:30:59]} 2. c4 {[%clk 1:31:06]} g6
{[%clk 1:31:26]} 3. g3 {[%clk 1:31:18]} Bg7 {[%clk 1:31:49]} 4. Bg2
{[%clk 1:31:34]} O-O {[%clk 1:31:52]} 5. Nc3 {[%clk 1:31:54]} c5 {[%clk 1:27:05]}
6. Nf3 {[%clk 1:31:53]} Nc6 {[%clk 1:22:57]} 7. O-O {[%clk 1:31:19]} cxd4
{[%clk 1:21:58]} 8. Nxd4 {[%clk 1:31:43]} Nxd4 {[%clk 1:22:16]} 9. Qxd4
{[%clk 1:32:07]} d6 {[%clk 1:22:27]} 10. Qd3 {[%clk 1:32:01]} a6 {[%clk 1:20:50]}
11. Rd1 {[%clk 1:30:59]} Qc7 {[%clk 1:20:54]} 12. Bd2 {[%clk 1:30:49]} Be6
{[%clk 1:20:07]} 13. b3 {[%clk 1:30:37]} Nd7 {[%clk 1:19:01]} 14. Rac1
{[%clk 1:29:09]} Rac8 {[%clk 1:16:40]} 15. Qf3 {[%clk 1:25:33]} Rb8
{[%clk 1:14:12]} 16. Nd5 {[%clk 1:20:19]} Qd8 {[%clk 1:11:05]} 17. Qe3
{[%clk 1:18:03]} Bxd5 {[%clk 1:07:08]} 18. cxd5 {[%clk 1:10:31]} Re8
{[%clk 1:06:59]} 19. Bh3 {[%clk 1:09:30]} Kf8 {[%clk 0:56:00]} 20. Rc2
{[%clk 1:07:08]} Rc8 {[%clk 0:54:05]} 21. Rxc8 {[%clk 0:57:59]} Qxc8
{[%clk 0:54:34]} 22. Ba5 {[%clk 0:58:09]} f5 {[%clk 0:52:15]} 23. Rc1
{[%clk 0:58:20]} Qb8 {[%clk 0:51:45]} 24. g4 {[%clk 0:54:44]} b6 {[%clk 0:50:09]}
25. Bc3 {[%clk 0:54:27]} Nf6 {[%clk 0:47:14]} 26. g5 {[%clk 0:48:51]} Ne4
{[%clk 0:40:07]} 27. Bxg7+ {[%clk 0:49:03]} Kxg7 {[%clk 0:40:35]} 28. f3
{[%clk 0:49:23]} Nc5 {[%clk 0:40:43]} 29. b4 {[%clk 0:49:23]} Nd7
{[%clk 0:40:33]} 30. Qc3+ {[%clk 0:49:22]} Kg8 {[%clk 0:40:07]} 31. e4
{[%clk 0:49:18]} Rf8 {[%clk 0:38:55]} 32. f4 {[%clk 0:47:44]} b5 {[%clk 0:38:52]}
33. Qc7 {[%clk 0:46:42]} Qb6+ {[%clk 0:36:28]} 34. Qxb6 {[%clk 0:44:54]} Nxb6
{[%clk 0:36:57]} 35. Rc6 {[%clk 0:44:23]} Rb8 {[%clk 0:30:21]} 36. Kf2
{[%clk 0:41:52]} Kg7 {[%clk 0:28:01]} 37. Rc7 {[%clk 0:38:35]} Kf8
{[%clk 0:27:40]} 38. Ke3 {[%clk 0:34:10]} Nc4+ {[%clk 0:27:50]} 39. Kd4
{[%clk 0:34:25]} fxe4 {[%clk 0:27:42]} 40. Kxe4 {[%clk 0:34:39]} a5
{[%clk 0:27:36]} 41. bxa5 {[%clk 0:33:46]} Nxa5 {[%clk 0:27:44]} 42. f5
{[%clk 0:32:40]} b4 {[%clk 0:23:34]} 43. f6 {[%clk 0:25:12]} exf6
{[%clk 0:23:29]} 44. gxf6 {[%clk 0:25:35]} Rb7 {[%clk 0:22:11]} 45. Rc1
{[%clk 0:24:39]} b3 {[%clk 0:21:30]} 46. Be6 {[%clk 0:24:10]} Rb8
{[%clk 0:21:58]} 47. axb3 {[%clk 0:24:01]} Nxb3 {[%clk 0:22:26]} 48. Rc7
{[%clk 0:23:48]} Nc5+ {[%clk 0:21:58]} 49. Kf3 {[%clk 0:21:26]} Nxe6
{[%clk 0:16:36]} 50. dxe6 {[%clk 0:21:41]} Re8 {[%clk 0:14:56]} 51. Rf7+
{[%clk 0:22:05]} Kg8 {[%clk 0:15:25]} 52. Re7 {[%clk 0:22:26]} Ra8
{[%clk 0:15:12]} 53. Ke4 {[%clk 0:22:15]} h5 {[%clk 0:14:57]} 54. Rg7+
{[%clk 0:21:37]} Kh8 {[%clk 0:15:25]} 55. e7 {[%clk 0:21:31]} d5+
{[%clk 0:14:48]} 56. Kf4 {[%clk 0:20:26]}  1-0

[Event "Prague Open 2022 - A IM Open"]
[Site "Olympik hotel, Prague"]
[Date "2022.01.09"]
[Round "4"]
[Board "13"]
[White "Babula, Vlastimil"]
[Black "Ondrus, Martin"]
[Result "0-1"]
[WhiteElo "2227"]
[BlackElo "2267"]
[PlyCount "0"]
[EventDate "2022.01.07"]
[EventRounds "9"]
[EventCountry "CZE"]

1. e4 {[%clk 1:30:57]} c5 {[%clk 1:24:32]} 2. Nf3 {[%clk 1:31:19]} d6
{[%clk 1:24:59]} 3. d4 {[%clk 1:31:44]} cxd4 {[%clk 1:25:26]} 4. Nxd4
{[%clk 1:32:09]} Nf6 {[%clk 1:25:50]} 5. Nc3 {[%clk 1:32:35]} a6 {[%clk 1:25:58]}
6. Bc4 {[%clk 1:31:50]} e6 {[%clk 1:26:20]} 7. Bb3 {[%clk 1:31:32]} b5
{[%clk 1:26:32]} 8. O-O {[%clk 1:31:28]} Be7 {[%clk 1:26:36]} 9. Qf3
{[%clk 1:31:34]} Qb6 {[%clk 1:26:28]} 10. Be3 {[%clk 1:31:50]} Qb7
{[%clk 1:26:54]} 11. a3 {[%clk 1:32:03]} O-O {[%clk 1:26:44]} 12. g4
{[%clk 1:29:08]} Nbd7 {[%clk 1:26:22]} 13. g5 {[%clk 1:28:57]} Ne5
{[%clk 1:26:30]} 14. Qg2 {[%clk 1:29:01]} Nfd7 {[%clk 1:26:24]} 15. Nf5
{[%clk 1:14:07]} exf5 {[%clk 1:24:35]} 16. Bd5 {[%clk 1:14:20]} Qb8
{[%clk 1:24:57]} 17. exf5 {[%clk 1:14:33]} Ra7 {[%clk 1:24:46]} 18. f6
{[%clk 0:45:24]} Bd8 {[%clk 1:23:29]} 19. fxg7 {[%clk 0:43:26]} Kxg7
{[%clk 1:21:05]} 20. Qh3 {[%clk 0:37:22]} Bb6 {[%clk 1:14:16]} 21. Qh6+
{[%clk 0:36:17]} Kh8 {[%clk 1:12:53]} 22. Be4 {[%clk 0:29:56]} Ng6
{[%clk 1:03:45]} 23. Nd5 {[%clk 0:29:12]} Re8 {[%clk 0:50:44]} 24. Bxb6
{[%clk 0:14:57]} Rxe4 {[%clk 0:48:16]} 25. Rfe1 {[%clk 0:09:47]} Rg4+
{[%clk 0:38:17]} 26. Kf1 {[%clk 0:10:15]} Nde5 {[%clk 0:36:19]} 27. Bd8
{[%clk 0:07:36]} f5 {[%clk 0:35:59]} 28. Bf6+ {[%clk 0:04:11]} Kg8
{[%clk 0:36:14]} 29. Bxe5 {[%clk 0:02:18]} dxe5 {[%clk 0:35:58]} 30. Nf6+
{[%clk 0:02:04]} Kh8 {[%clk 0:36:20]} 31. Rad1 {[%clk 0:01:58]} Be6
{[%clk 0:35:48]} 32. Nxg4 {[%clk 0:01:17]} fxg4 {[%clk 0:36:13]} 33. Rd2
{[%clk 0:00:55]} Rd7 {[%clk 0:32:53]} 34. Rxd7 {[%clk 0:00:41]} Bxd7
{[%clk 0:33:21]} 35. Rd1 {[%clk 0:00:44]} Be6 {[%clk 0:30:34]} 36. Ke2
{[%clk 0:00:42]} e4 {[%clk 0:28:45]} 37. Kd2 {[%clk 0:00:37]} Qf4+
{[%clk 0:29:06]} 38. Ke1 {[%clk 0:00:48]} Bg8 {[%clk 0:27:40]} 39. Ke2
{[%clk 0:00:34]} Qf3+ {[%clk 0:25:13]} 40. Kd2 {[%clk 0:00:58]} Qxf2+
{[%clk 0:25:35]} 41. Kc1 {[%clk 0:01:25]} e3 {[%clk 0:25:22]} 42. Rd7
{[%clk 0:01:45]} Qf1+ {[%clk 0:25:44]}  0-1

[Event "Prague Open 2022 - A IM Open"]
[Site "Olympik hotel, Prague"]
[Date "2022.01.09"]
[Round "4"]
[Board "14"]
[White "Blahynka, Martin"]
[Black "Nielsen, Andre"]
[Result "0-1"]
[WhiteElo "2391"]
[BlackElo "2207"]
[PlyCount "0"]
[EventDate "2022.01.07"]
[EventRounds "9"]
[EventCountry "CZE"]

1. c4 {[%clk 1:30:57]} f5 {[%clk 1:30:21]} 2. Nc3 {[%clk 1:31:13]} Nf6
{[%clk 1:30:34]} 3. Nf3 {[%clk 1:29:06]} g6 {[%clk 1:30:09]} 4. g3
{[%clk 1:25:48]} Bg7 {[%clk 1:30:07]} 5. Bg2 {[%clk 1:26:14]} O-O
{[%clk 1:29:54]} 6. O-O {[%clk 1:26:30]} d6 {[%clk 1:30:10]} 7. d4
{[%clk 1:26:07]} Nc6 {[%clk 1:29:11]} 8. d5 {[%clk 1:20:38]} Ne5 {[%clk 1:29:16]}
9. Nxe5 {[%clk 1:19:08]} dxe5 {[%clk 1:29:38]} 10. e4 {[%clk 1:17:15]} f4
{[%clk 1:28:11]} 11. b4 {[%clk 1:05:38]} g5 {[%clk 1:28:11]} 12. Re1
{[%clk 1:03:05]} a6 {[%clk 1:24:19]} 13. Bb2 {[%clk 0:55:33]} Qe8
{[%clk 1:17:51]} 14. c5 {[%clk 0:37:16]} Qg6 {[%clk 0:43:53]} 15. d6
{[%clk 0:30:10]} exd6 {[%clk 0:42:35]} 16. cxd6 {[%clk 0:30:32]} Qf7
{[%clk 0:27:38]} 17. dxc7 {[%clk 0:25:36]} Ng4 {[%clk 0:25:11]} 18. f3
{[%clk 0:09:27]} Ne3 {[%clk 0:23:00]} 19. Rxe3 {[%clk 0:09:08]} fxe3
{[%clk 0:23:23]} 20. Nd5 {[%clk 0:08:22]} Be6 {[%clk 0:19:14]} 21. Nxe3
{[%clk 0:04:44]} Qxc7 {[%clk 0:17:44]} 22. Nd5 {[%clk 0:04:49]} Bxd5
{[%clk 0:14:43]} 23. Qxd5+ {[%clk 0:05:13]} Kh8 {[%clk 0:15:02]} 24. Rc1
{[%clk 0:04:53]} Qb6+ {[%clk 0:15:08]} 25. Qc5 {[%clk 0:04:47]} Qxc5+
{[%clk 0:14:28]} 26. bxc5 {[%clk 0:04:40]} Rad8 {[%clk 0:11:44]} 27. Bc3
{[%clk 0:04:55]} Rc8 {[%clk 0:10:06]} 28. Ba5 {[%clk 0:04:44]} g4
{[%clk 0:10:09]} 29. Kf2 {[%clk 0:04:07]} Rf6 {[%clk 0:09:59]} 30. Bd2
{[%clk 0:01:35]} Rfc6 {[%clk 0:09:07]} 31. Rb1 {[%clk 0:00:53]} Rxc5
{[%clk 0:08:03]} 32. Rxb7 {[%clk 0:01:17]} Rc2 {[%clk 0:08:08]} 33. Rd7
{[%clk 0:00:40]} Bh6 {[%clk 0:07:43]} 34. Ke2 {[%clk 0:00:32]} gxf3+
{[%clk 0:07:38]} 35. Bxf3 {[%clk 0:00:56]} Rxa2  0-1

[Event "Prague Open 2022 - A IM Open"]
[Site "Olympik hotel, Prague"]
[Date "2022.01.09"]
[Round "4"]
[Board "15"]
[White "Plischki, Sebastian"]
[Black "Koubova, Anna Marie"]
[Result "1-0"]
[WhiteElo "2375"]
[BlackElo "2137"]
[PlyCount "0"]
[EventDate "2022.01.07"]
[EventRounds "9"]
[EventCountry "CZE"]

1. Nf3 {[%clk 1:30:54]} d5 {[%clk 1:30:42]} 2. g3 {[%clk 1:31:08]} Nd7
{[%clk 1:30:53]} 3. Bg2 {[%clk 1:30:49]} e5 {[%clk 1:30:41]} 4. d3
{[%clk 1:30:28]} Ngf6 {[%clk 1:20:33]} 5. O-O {[%clk 1:30:09]} Be7
{[%clk 1:19:31]} 6. c4 {[%clk 1:27:59]} c6 {[%clk 1:18:38]} 7. cxd5
{[%clk 1:25:42]} cxd5 {[%clk 1:17:28]} 8. Nc3 {[%clk 1:23:14]} h6
{[%clk 1:13:53]} 9. d4 {[%clk 1:17:47]} e4 {[%clk 1:11:29]} 10. Ne5
{[%clk 1:18:09]} O-O {[%clk 1:07:40]} 11. f3 {[%clk 1:12:49]} Re8
{[%clk 0:58:36]} 12. Nxd7 {[%clk 1:06:44]} Qxd7 {[%clk 0:58:05]} 13. Bf4
{[%clk 0:58:00]} exf3 {[%clk 0:50:10]} 14. Bxf3 {[%clk 0:56:55]} Bd6
{[%clk 0:48:41]} 15. Bg2 {[%clk 0:51:19]} Qd8 {[%clk 0:42:02]} 16. Rc1
{[%clk 0:45:02]} Bg4 {[%clk 0:37:29]} 17. Qd2 {[%clk 0:36:46]} Rc8
{[%clk 0:36:04]} 18. e3 {[%clk 0:30:22]} Bxf4 {[%clk 0:26:04]} 19. Rxf4
{[%clk 0:30:15]} Rc6 {[%clk 0:25:41]} 20. Rcf1 {[%clk 0:27:42]} Rce6
{[%clk 0:23:57]} 21. Kh1 {[%clk 0:17:14]} Rxe3 {[%clk 0:07:11]} 22. Rxf6
{[%clk 0:17:02]} gxf6 {[%clk 0:07:33]} 23. Nxd5 {[%clk 0:17:21]} R3e6
{[%clk 0:07:53]} 24. Qxh6 {[%clk 0:07:09]} f5 {[%clk 0:07:55]} 25. Qc1
{[%clk 0:07:14]} Rd6 {[%clk 0:04:58]} 26. Nf4 {[%clk 0:05:13]} Rxd4
{[%clk 0:03:57]} 27. Bxb7 {[%clk 0:03:15]} Re7 {[%clk 0:02:23]} 28. Bg2
{[%clk 0:03:27]} Rd2 {[%clk 0:00:40]} 29. h3 {[%clk 0:03:03]} Rd1
{[%clk 0:00:37]} 30. Qc3 {[%clk 0:02:20]} Be2 {[%clk 0:00:36]} 31. Rxd1
{[%clk 0:02:32]} Qxd1+ {[%clk 0:00:57]} 32. Kh2 {[%clk 0:02:53]} Ba6
{[%clk 0:00:39]} 33. Qf6 {[%clk 0:02:11]} Re6 {[%clk 0:00:31]} 34. Nxe6
{[%clk 0:02:25]}  1-0

[Event "Prague Open 2022 - A IM Open"]
[Site "Olympik hotel, Prague"]
[Date "2022.01.09"]
[Round "4"]
[Board "16"]
[White "Hlavina, Matous"]
[Black "Kulhanek, Tomas"]
[Result "0-1"]
[WhiteElo "2137"]
[BlackElo "2324"]
[PlyCount "0"]
[EventDate "2022.01.07"]
[EventRounds "9"]
[EventCountry "CZE"]

1. e4 {[%clk 1:30:58]} e6 {[%clk 1:30:54]} 2. d4 {[%clk 1:31:24]} d5
{[%clk 1:31:18]} 3. Nd2 {[%clk 1:31:50]} dxe4 {[%clk 1:31:28]} 4. Nxe4
{[%clk 1:31:58]} Nd7 {[%clk 1:31:47]} 5. Bd3 {[%clk 1:31:51]} Ngf6
{[%clk 1:30:12]} 6. Nf3 {[%clk 1:30:25]} Nxe4 {[%clk 1:30:17]} 7. Bxe4
{[%clk 1:30:50]} Nf6 {[%clk 1:30:44]} 8. Bg5 {[%clk 1:29:06]} Qd6
{[%clk 1:30:44]} 9. Bxf6 {[%clk 1:27:48]} gxf6 {[%clk 1:30:35]} 10. Qe2
{[%clk 1:26:23]} Bd7 {[%clk 1:24:33]} 11. O-O-O {[%clk 1:24:05]} O-O-O
{[%clk 1:20:08]} 12. Kb1 {[%clk 1:22:41]} f5 {[%clk 1:18:13]} 13. Bd3
{[%clk 1:21:33]} Bg7 {[%clk 1:15:52]} 14. Rhe1 {[%clk 1:20:10]} Bc6
{[%clk 1:15:06]} 15. c3 {[%clk 1:19:16]} Qf4 {[%clk 1:12:31]} 16. h3
{[%clk 0:59:37]} Rhg8 {[%clk 1:08:16]} 17. Rg1 {[%clk 0:51:01]} Bf6
{[%clk 1:04:40]} 18. Ne1 {[%clk 0:47:33]} Qh2 {[%clk 1:04:27]} 19. Nf3
{[%clk 0:45:26]} Qf4 {[%clk 1:03:35]} 20. Ne1 {[%clk 0:45:22]} Rg7
{[%clk 0:54:16]} 21. g3 {[%clk 0:38:31]} Qh6 {[%clk 0:53:25]} 22. Ng2
{[%clk 0:38:17]} Qxh3 {[%clk 0:46:27]} 23. Nf4 {[%clk 0:34:09]} Qg4
{[%clk 0:46:27]} 24. Qc2 {[%clk 0:27:42]} Rgg8 {[%clk 0:32:35]} 25. Qb3
{[%clk 0:21:38]} Bf3 {[%clk 0:25:15]} 26. Rde1 {[%clk 0:20:24]} Kb8
{[%clk 0:24:19]} 27. a4 {[%clk 0:16:23]} Bg5 {[%clk 0:22:56]} 28. Ng2
{[%clk 0:14:20]} Bd2 {[%clk 0:19:06]} 29. Re5 {[%clk 0:11:16]} Bd5
{[%clk 0:16:59]} 30. Qc2 {[%clk 0:09:28]} Bg5 {[%clk 0:15:10]} 31. Be2
{[%clk 0:05:55]} Qh3 {[%clk 0:12:12]} 32. Rxd5 {[%clk 0:05:18]} exd5
{[%clk 0:11:07]} 33. Bf3 {[%clk 0:05:20]} f4 {[%clk 0:07:58]} 34. Nxf4
{[%clk 0:03:57]} Bxf4 {[%clk 0:08:09]} 35. Rh1 {[%clk 0:04:26]} Qe6
{[%clk 0:07:42]} 36. gxf4 {[%clk 0:04:50]} h6 {[%clk 0:05:30]} 37. a5
{[%clk 0:04:02]} Qa6 {[%clk 0:04:53]} 38. b4 {[%clk 0:03:37]} Qf6
{[%clk 0:03:29]} 39. Qd2 {[%clk 0:02:19]} a6 {[%clk 0:03:06]} 40. Kb2
{[%clk 0:02:20]} c6 {[%clk 0:03:15]} 41. Rh5 {[%clk 0:00:51]} Ka7
{[%clk 0:02:30]} 42. Qe3 {[%clk 0:29:24]} Rg1 {[%clk 0:31:25]} 43. f5
{[%clk 0:26:51]} Rg5 {[%clk 0:26:57]} 44. Qe5 {[%clk 0:26:06]} Qxe5
{[%clk 0:26:41]} 45. dxe5 {[%clk 0:26:29]} Re8 {[%clk 0:26:52]} 46. e6
{[%clk 0:18:32]} fxe6 {[%clk 0:27:02]} 47. Rxg5 {[%clk 0:17:17]} hxg5
{[%clk 0:27:16]} 48. Bh5 {[%clk 0:17:44]} Rh8 {[%clk 0:27:03]}  0-1

[Event "Prague Open 2022 - A IM Open"]
[Site "Olympik hotel, Prague"]
[Date "2022.01.09"]
[Round "4"]
[Board "17"]
[White "Pham, Khoi"]
[Black "Acor, Corey"]
[Result "0-1"]
[WhiteElo "2114"]
[BlackElo "2303"]
[PlyCount "0"]
[EventDate "2022.01.07"]
[EventRounds "9"]
[EventCountry "CZE"]

1. e4 {[%clk 1:30:58]} e5 {[%clk 1:22:29]} 2. Nf3 {[%clk 1:31:21]} Nc6
{[%clk 1:22:53]} 3. Bb5 {[%clk 1:31:46]} d6 {[%clk 1:16:43]} 4. d4
{[%clk 1:30:40]} Bd7 {[%clk 1:15:53]} 5. Nc3 {[%clk 1:30:40]} Nge7
{[%clk 1:13:48]} 6. d5 {[%clk 1:30:59]} Nb8 {[%clk 1:14:06]} 7. Be2
{[%clk 1:31:15]} g6 {[%clk 1:12:52]} 8. Be3 {[%clk 1:31:40]} Bg7 {[%clk 1:13:16]}
9. Qd2 {[%clk 1:31:52]} h6 {[%clk 1:11:48]} 10. h4 {[%clk 1:27:09]} f5
{[%clk 1:12:08]} 11. g3 {[%clk 1:26:40]} fxe4 {[%clk 1:07:36]} 12. Nxe4
{[%clk 1:26:57]} Nf5 {[%clk 1:07:39]} 13. O-O-O {[%clk 1:24:17]} a5
{[%clk 1:06:56]} 14. h5 {[%clk 1:17:43]} g5 {[%clk 1:05:14]} 15. Nh2
{[%clk 1:02:43]} O-O {[%clk 1:01:28]} 16. Ng4 {[%clk 1:02:06]} Nxe3
{[%clk 0:57:25]} 17. Nxe3 {[%clk 1:02:22]} Na6 {[%clk 0:56:18]} 18. c3
{[%clk 0:55:05]} b6 {[%clk 0:54:18]} 19. Bd3 {[%clk 0:55:01]} Qe8
{[%clk 0:52:33]} 20. Bb1 {[%clk 0:51:25]} Rf3 {[%clk 0:48:02]} 21. Qc2
{[%clk 0:49:13]} Qf7 {[%clk 0:40:04]} 22. Nd2 {[%clk 0:38:16]} Rf6
{[%clk 0:38:03]} 23. g4 {[%clk 0:32:13]} Rxf2 {[%clk 0:35:33]} 24. Rdf1
{[%clk 0:24:17]} Rf4 {[%clk 0:35:53]} 25. Ng2 {[%clk 0:22:47]} Bxg4
{[%clk 0:33:24]} 26. Nxf4 {[%clk 0:23:12]} exf4 {[%clk 0:33:50]} 27. Qh7+
{[%clk 0:23:22]} Kf8 {[%clk 0:34:19]} 28. Re1 {[%clk 0:21:45]} Nc5
{[%clk 0:26:07]} 29. Bg6 {[%clk 0:17:25]} Qxd5 {[%clk 0:22:02]} 30. Rhg1
{[%clk 0:13:11]} Be6 {[%clk 0:21:24]} 31. Re2 {[%clk 0:08:41]} Bg8
{[%clk 0:17:25]} 32. Rge1 {[%clk 0:09:00]} Nd3+ {[%clk 0:17:22]} 33. Bxd3
{[%clk 0:09:22]} Bxh7 {[%clk 0:17:45]} 34. Bxh7 {[%clk 0:09:48]} Rd8
{[%clk 0:17:15]}  0-1

[Event "Prague Open 2022 - A IM Open"]
[Site "Olympik hotel, Prague"]
[Date "2022.01.09"]
[Round "4"]
[Board "18"]
[White "Unneland, Mathias"]
[Black "Kukucka, Matej"]
[Result "1/2-1/2"]
[WhiteElo "2262"]
[BlackElo "2104"]
[PlyCount "0"]
[EventDate "2022.01.07"]
[EventRounds "9"]
[EventCountry "CZE"]

1. c4 e6 2. d4 d5 3. Nf3 a6 4. cxd5 exd5 5. Nc3 c6 6. Qc2 Nf6 7. Bg5 Be6 8. e3 h6
9. Bh4 Nbd7 10. Bd3 Bd6 11. O-O O-O 12. Bg3 Bxg3 13. hxg3 Re8 14. Rfc1 Rc8 15.
Rab1 c5 16. dxc5 Nxc5 17. Bf5 Nce4 18. Bxe6 fxe6 19. Qb3 Qe7 20. Rc2 Nxc3 21.
Rxc3 Ne4 22. Rc2 Rc7 23. Nd2 Rxc2 24. Qxc2 Nxd2 25. Qxd2 Rc8 26. e4 Qc5 27. Rd1
dxe4 28. Qd7 Qc6 29. Qd4 Qc2 30. Re1 Qd3 31. Qb4 e3 32. Rxe3 Rc1+ 33. Re1 Rxe1+
34. Qxe1 Qd5 35. a3 Kf7 36. Qe2 Ke7 37. Qg4 Kf6 38. Qe2 Qb3 39. Qd2 Qb5 40. Qd4+
Kf7 41. g4 Qc6 42. Kh2 Qb5 43. Kg3 e5 44. Qc3 Qd5 45. Kh2 e4 46. a4 Qd6+ 47. g3
Qd5 48. Qc2 g5 49. Qc7+ Kg6 50. Qe7 Qd4 51. Qe6+ Kg7 52. Qe7+ Kg6  1/2-1/2

[Event "Prague Open 2022 - A IM Open"]
[Site "Olympik hotel, Prague"]
[Date "2022.01.09"]
[Round "4"]
[Board "20"]
[White "Vales, Vaclav"]
[Black "Torngren, Gustav"]
[Result "0-1"]
[WhiteElo "2098"]
[BlackElo "2245"]
[PlyCount "0"]
[EventDate "2022.01.07"]
[EventRounds "9"]
[EventCountry "CZE"]

1. Nf3 {[%clk 1:30:57]} e6 {[%clk 1:14:00]} 2. g3 {[%clk 1:28:54]} d5
{[%clk 1:07:18]} 3. Bg2 {[%clk 1:26:32]} Be7 {[%clk 1:05:35]} 4. d3
{[%clk 1:25:23]} b6 {[%clk 1:05:14]} 5. c4 {[%clk 1:22:38]} Bb7 {[%clk 1:05:17]}
6. Nbd2 {[%clk 1:21:05]} Nf6 {[%clk 1:05:17]} 7. O-O {[%clk 1:20:18]} O-O
{[%clk 1:05:18]} 8. h3 {[%clk 1:17:43]} d4 {[%clk 1:01:52]} 9. Ne5
{[%clk 1:14:04]} Bxg2 {[%clk 0:59:36]} 10. Kxg2 {[%clk 1:14:31]} Nfd7
{[%clk 0:59:51]} 11. Ndf3 {[%clk 1:08:47]} Nxe5 {[%clk 0:58:55]} 12. Nxe5
{[%clk 1:09:12]} Bf6 {[%clk 0:58:40]} 13. Ng4 {[%clk 1:07:12]} Be7
{[%clk 0:58:22]} 14. Qa4 {[%clk 1:04:36]} Qd7 {[%clk 0:57:19]} 15. Qxd7
{[%clk 1:03:20]} Nxd7 {[%clk 0:57:48]} 16. Bd2 {[%clk 1:02:51]} a5
{[%clk 0:55:06]} 17. b3 {[%clk 1:00:31]} Ba3 {[%clk 0:53:08]} 18. Nh2
{[%clk 0:57:46]} e5 {[%clk 0:43:18]} 19. Nf3 {[%clk 0:55:43]} Bb4
{[%clk 0:40:10]} 20. Rfd1 {[%clk 0:53:45]} Rfe8 {[%clk 0:37:23]} 21. e4
{[%clk 0:48:15]} dxe3 {[%clk 0:36:35]} 22. Bxe3 {[%clk 0:48:39]} a4
{[%clk 0:34:41]} 23. d4 {[%clk 0:47:50]} e4 {[%clk 0:31:19]} 24. Ng1
{[%clk 0:45:29]} Ra6 {[%clk 0:24:18]} 25. Ne2 {[%clk 0:41:02]} Rea8
{[%clk 0:24:37]} 26. Rab1 {[%clk 0:39:37]} axb3 {[%clk 0:24:54]} 27. axb3
{[%clk 0:38:14]} Ra2 {[%clk 0:24:56]} 28. Kf1 {[%clk 0:37:02]} h6
{[%clk 0:23:46]} 29. g4 {[%clk 0:35:08]} Nf6 {[%clk 0:22:52]} 30. g5
{[%clk 0:34:33]} hxg5 {[%clk 0:22:55]} 31. Bxg5 {[%clk 0:34:52]} Nh5
{[%clk 0:22:19]} 32. Bf4 {[%clk 0:27:38]} Rxe2 {[%clk 0:22:13]} 33. Kxe2
{[%clk 0:27:57]} Nxf4+ {[%clk 0:22:39]} 34. Ke3 {[%clk 0:28:15]} Nxh3
{[%clk 0:22:25]} 35. Ra1 {[%clk 0:28:02]} Rd8 {[%clk 0:22:15]} 36. Ra7
{[%clk 0:26:35]} Bd6 {[%clk 0:22:19]} 37. Rda1 {[%clk 0:26:33]} Ng5
{[%clk 0:20:32]} 38. Ra8 {[%clk 0:25:50]} Rxa8 {[%clk 0:20:52]} 39. Rxa8+
{[%clk 0:26:14]} Kh7 {[%clk 0:21:09]} 40. Rc8 {[%clk 0:24:37]} f5
{[%clk 0:21:09]}  0-1